[Event "Mitropa Cup 26th"]
[Site "Szeged"]
[Date "2007.05.09"]
[Round "2"]
[White "Ragger, Markus"]
[Black "Godena, Michele"]
[Result "0-1"]
[WhiteElo "2498"]
[BlackElo "2558"]
[PlyCount "140"]
[EventDate "2007.05.08"]
[EventType "team-tourn"]
[EventRounds "9"]
[EventCountry "HUN"]
[Source "ChessBase"]
[SourceDate "2007.07.04"]

1. e4 e5 2. Nf3 Nc6 3. Bb5 a6 4. Ba4 Nf6 5. O-O b5 6. Bb3 Bc5 7. a4 Rb8 8. axb5
axb5 9. Nxe5 Nxe5 10. d4 Bxd4 11. Qxd4 d6 12. f4 Nc6 13. Qc3 Ne7 14. Ra7 Rb7
15. Ra8 O-O 16. Qf3 c6 17. f5 d5 18. exd5 Nexd5 19. Nc3 Qb6+ 20. Kh1 Nxc3 21.
Qxc3 c5 22. Be3 Rc7 23. Bf4 Re7 24. Qg3 c4 25. Ba2 Ne4 26. Qh4 Nf2+ 27. Kg1
Nh3+ 28. Kh1 Nf2+ 29. Kg1 Re2 30. Rb8 Bb7 31. Be3 Qxe3 32. Rxf8+ Kxf8 33. Qd8+
Qe8 34. Qxe8+ Kxe8 35. Rxf2 Re1+ 36. Rf1 Re2 37. Rf2 Re1+ 38. Rf1 Rxf1+ 39.
Kxf1 Be4 40. c3 Bxf5 41. b3 cxb3 42. Bxb3 Ke7 43. Ke2 Be6 44. Bc2 Kf6 45. Ke3
Ke5 46. g3 h6 47. h4 Bc4 48. Be4 Bd5 49. Bd3 Bc4 50. Be4 Bd5 51. Bd3 Bc6 52.
Bc2 Be8 53. Bd1 f6 54. h5 Bf7 55. Be2 Be8 56. Bf3 Bd7 57. Be2 Bc6 58. Bd3 Be8
59. Be2 Kf5 60. Kd4 Kg5 61. Kd5 Bxh5 62. Bxb5 Bf3+ 63. Ke6 Kg4 64. Kf7 Kxg3 65.
Kxg7 h5 66. c4 h4 67. c5 h3 68. c6 Bxc6 69. Bxc6 f5 70. Kf6 f4 0-1

[Event "Mitropa Cup 26th"]
[Site "Szeged"]
[Date "2007.05.09"]
[Round "2"]
[White "Ruck, Robert"]
[Black "Bernasek, Jan"]
[Result "1/2-1/2"]
[WhiteElo "2534"]
[BlackElo "2509"]
[PlyCount "114"]
[EventDate "2007.05.08"]
[EventType "team-tourn"]
[EventRounds "9"]
[EventCountry "HUN"]
[Source "ChessBase"]
[SourceDate "2007.07.04"]

1. Nf3 g6 2. e4 Bg7 3. d4 d6 4. Bc4 c5 5. dxc5 Qa5+ 6. c3 Qxc5 7. Qb3 e6 8. Be3
Qc7 9. Na3 a6 10. Bb6 Qc6 11. O-O Nd7 12. Bd4 Ngf6 13. e5 dxe5 14. Nxe5 Nxe5
15. Bxe5 O-O 16. Rad1 b5 17. Be2 Bb7 18. Bf3 Qc8 19. c4 Bxf3 20. Qxf3 Ne8 21.
Bxg7 Kxg7 22. cxb5 axb5 23. Qb3 Qa6 24. Nxb5 Qxa2 25. Qc3+ Kg8 26. b4 Qa6 27.
Ra1 Qb7 28. Rxa8 Qxa8 29. Rc1 Qd5 30. Nd4 Nd6 31. Nc6 Re8 32. Qc5 Kg7 33. Qxd5
exd5 34. Rd1 Re2 35. h3 Rc2 36. Ne7 Ne4 37. Nxd5 Nxf2 38. Rb1 Rd2 39. Ne3 Ne4
40. b5 Rd7 41. b6 Nc5 42. Kf2 f5 43. Rb5 Nb7 44. Rd5 Rxd5 45. Nxd5 Kf7 46. Ke3
Ke6 47. Kd4 Kd6 48. Nf6 Nd8 49. Ne8+ Kd7 50. Nf6+ Kd6 51. Ne8+ Kd7 52. Nc7 Kd6
53. h4 h6 54. Ne8+ Kd7 55. Nf6+ Kd6 56. Ne8+ Kd7 57. Nf6+ Kd6 1/2-1/2

[Event "Mitropa Cup 26th"]
[Site "Szeged"]
[Date "2007.05.09"]
[Round "2"]
[White "Saric, Ivan"]
[Black "Pinter, Erik"]
[Result "0-1"]
[WhiteElo "2463"]
[BlackElo "2394"]
[PlyCount "74"]
[EventDate "2007.05.08"]
[EventType "team-tourn"]
[EventRounds "9"]
[EventCountry "HUN"]
[Source "ChessBase"]
[SourceDate "2007.07.04"]

1. e4 c5 2. Nf3 d6 3. d4 cxd4 4. Nxd4 Nf6 5. Nc3 Nc6 6. Bg5 Bd7 7. Qd2 Rc8 8.
f4 Nxd4 9. Qxd4 Qa5 10. e5 dxe5 11. fxe5 e6 12. O-O-O Bc6 13. Nb5 Bxb5 14. exf6
Bc6 15. h4 g6 16. Bc4 Bc5 17. Qg4 h5 18. Qe2 O-O 19. Rh3 Bb6 20. Bd2 Qf5 21.
Rg3 Bb5 22. Bd3 Bxd3 23. Qxd3 Rfd8 24. Qxf5 exf5 25. Bg5 Rxd1+ 26. Kxd1 Kf8 27.
Rd3 Ke8 28. Kd2 Rc6 29. b4 Bd8 30. Re3+ Kd7 31. Rd3+ Rd6 32. c4 Rxd3+ 33. Kxd3
Ke6 34. Kd4 Bxf6+ 35. Bxf6 Kxf6 36. Kd5 Ke7 37. c5 f6 0-1

[Event "Mitropa Cup 26th"]
[Site "Szeged"]
[Date "2007.05.09"]
[Round "2"]
[White "Sebenik, Matej"]
[Black "Gaehler, Marco"]
[Result "1/2-1/2"]
[WhiteElo "2483"]
[BlackElo "2223"]
[PlyCount "70"]
[EventDate "2007.05.08"]
[EventType "team-tourn"]
[EventRounds "9"]
[EventCountry "HUN"]
[Source "ChessBase"]
[SourceDate "2007.07.04"]

1. d4 Nf6 2. c4 g6 3. g3 Bg7 4. Bg2 c6 5. Nc3 d5 6. cxd5 cxd5 7. Nf3 O-O 8. Ne5
Nc6 9. O-O Bf5 10. Nxc6 bxc6 11. Bf4 Rc8 12. Rc1 Nd7 13. Qd2 e5 14. dxe5 Nxe5
15. b3 Re8 16. Na4 Rc7 17. Rfe1 Qc8 18. Qa5 Be4 19. Bxe4 dxe4 20. Rc5 Rce7 21.
Bxe5 Rxe5 22. Rec1 Qg4 23. Qa6 Bf8 24. Rxe5 Rxe5 25. Rxc6 Rh5 26. Qc4 Qf5 27.
Rc7 Bd6 28. Rxa7 e3 29. Ra8+ Bf8 30. Qf4 exf2+ 31. Qxf2 Qd5 32. Rc8 Qd1+ 33.
Qf1 Qd4+ 34. Qf2 Qd1+ 35. Qf1 Qd4+ 1/2-1/2

[Event "Mitropa Cup 26th"]
[Site "Szeged"]
[Date "2007.05.09"]
[Round "2"]
[White "Simacek, Pavel"]
[Black "Hoang, Thanh Trang"]
[Result "1-0"]
[WhiteElo "2495"]
[BlackElo "2472"]
[PlyCount "77"]
[EventDate "2007.05.08"]
[EventType "team-tourn"]
[EventRounds "9"]
[EventCountry "HUN"]
[Source "ChessBase"]
[SourceDate "2007.07.04"]

1. e4 b6 2. d4 Bb7 3. Bd3 Nf6 4. Qe2 Nc6 5. c3 e5 6. Nf3 d6 7. O-O Be7 8. a3
O-O 9. b4 Nd7 10. Be3 Bf6 11. Nbd2 Ne7 12. Rac1 Ng6 13. Rfd1 d5 14. Ba6 Bxa6
15. Qxa6 exd4 16. cxd4 dxe4 17. Nxe4 Qc8 18. Qc4 Bd8 19. Nd6 Qb8 20. Nb5 Qb7
21. d5 Nde5 22. Nxe5 Nxe5 23. Qc3 Bf6 24. Bd4 Ng4 25. Qg3 Bxd4 26. Nxd4 Nh6 27.
Nb5 Rad8 28. Qxc7 Qa6 29. Nxa7 Ng4 30. Nc6 Ra8 31. Qg3 Nf6 32. d6 Nd7 33. Qh3
Nb8 34. Ne7+ Kh8 35. d7 Rd8 36. Rc8 Nxd7 37. Rxd8+ Rxd8 38. Rxd7 Re8 39. Qd3
1-0

[Event "Mitropa Cup 26th"]
[Site "Szeged"]
[Date "2007.05.09"]
[Round "2"]
[White "Tibensky, Robert"]
[Black "Saric, Ante"]
[Result "1/2-1/2"]
[WhiteElo "2422"]
[BlackElo "2496"]
[PlyCount "71"]
[EventDate "2007.05.08"]
[EventType "team-tourn"]
[EventRounds "9"]
[EventCountry "HUN"]
[Source "ChessBase"]
[SourceDate "2007.07.04"]

1. d4 Nf6 2. Nf3 e6 3. c4 c5 4. e3 d5 5. Nc3 dxc4 6. Bxc4 a6 7. a4 Nc6 8. O-O
Be7 9. Qd3 O-O 10. Rd1 Qc7 11. h3 Rd8 12. Qe2 b6 13. d5 exd5 14. Bxd5 Nxd5 15.
Nxd5 Qb7 16. e4 Be6 17. Bf4 Rd7 18. Rd2 Bf8 19. Rad1 Re8 20. Nc3 Nb4 21. Ng5
Rxd2 22. Rxd2 Bb3 23. Qg4 h6 24. Nf3 Be6 25. Qg3 g6 26. Be5 c4 27. Qf4 Nc6 28.
Bf6 b5 29. axb5 axb5 30. Nd5 Bxd5 31. exd5 Nb4 32. Qd4 Nd3 33. b3 Qa6 34. bxc4
bxc4 35. Rc2 Nb4 36. Rxc4 1/2-1/2

[Event "Mitropa Cup 26th"]
[Site "Szeged"]
[Date "2007.05.09"]
[Round "2"]
[White "Varga, Zoltan"]
[Black "Petr, Martin"]
[Result "1/2-1/2"]
[WhiteElo "2499"]
[BlackElo "2443"]
[PlyCount "55"]
[EventDate "2007.05.08"]
[EventType "team-tourn"]
[EventRounds "9"]
[EventCountry "HUN"]
[Source "ChessBase"]
[SourceDate "2007.07.04"]

1. e4 e6 2. d4 d5 3. Nd2 Nf6 4. Bd3 c5 5. e5 Nfd7 6. f4 Nc6 7. Ndf3 cxd4 8. Ne2
Bb4+ 9. Bd2 Qb6 10. Rb1 Nc5 11. O-O Nxd3 12. cxd3 a5 13. Kh1 Bd7 14. a3 Be7 15.
Nexd4 Nxd4 16. Be3 O-O 17. Bxd4 Qb5 18. Qd2 Rfc8 19. Bc3 Qa6 20. Nd4 Bc5 21. b4
axb4 22. axb4 Bxd4 23. Bxd4 Ba4 24. Rfc1 Rxc1+ 25. Rxc1 h6 26. h3 b6 27. Ra1
Qb7 28. Kh2 1/2-1/2

[Event "Mitropa Cup 26th"]
[Site "Szeged"]
[Date "2007.05.09"]
[Round "2"]
[White "Wirig, Anthony"]
[Black "Naumann, Alexander"]
[Result "1/2-1/2"]
[WhiteElo "2443"]
[BlackElo "2543"]
[PlyCount "34"]
[EventDate "2007.05.08"]
[EventType "team-tourn"]
[EventRounds "9"]
[EventCountry "HUN"]
[Source "ChessBase"]
[SourceDate "2007.07.04"]

1. d4 d5 2. Nf3 Nf6 3. c4 c6 4. Nc3 dxc4 5. a4 Bf5 6. e3 e6 7. Bxc4 Bb4 8. Ne5
Nbd7 9. Nxd7 Qxd7 10. O-O O-O 11. Qb3 Bd6 12. Rd1 Qc7 13. h3 Rfd8 14. Bd2 Qb6
15. a5 Qxb3 16. Bxb3 Rac8 17. Be1 Nd5 1/2-1/2

[Event "Mitropa Cup 26th"]
[Site "Szeged"]
[Date "2007.05.10"]
[Round "3"]
[White "Bernasek, Jan"]
[Black "Tibensky, Robert"]
[Result "1-0"]
[WhiteElo "2509"]
[BlackElo "2422"]
[PlyCount "59"]
[EventDate "2007.05.08"]
[EventType "team-tourn"]
[EventRounds "9"]
[EventCountry "HUN"]
[Source "ChessBase"]
[SourceDate "2007.07.04"]

1. d4 g6 2. e4 Bg7 3. c4 d6 4. Nc3 Nc6 5. d5 Nd4 6. Be3 c5 7. Nge2 Qb6 8. Qd2
Bd7 9. Rd1 Nxe2 10. Bxe2 Nf6 11. h3 O-O 12. f4 a6 13. g4 Qc7 14. g5 Ne8 15. h4
f5 16. h5 b5 17. hxg6 hxg6 18. Bf3 Rb8 19. cxb5 Qa5 20. Qh2 Kf7 21. e5 e6 22.
dxe6+ Bxe6 23. Bd5 Bxd5 24. Rxd5 Rxb5 25. Qd2 Rb7 26. Rxc5 Qb4 27. Qd5+ Ke7 28.
exd6+ Nxd6 29. Rh7 Rf7 30. Rxg7 1-0

[Event "Mitropa Cup 26th"]
[Site "Szeged"]
[Date "2007.05.10"]
[Round "3"]
[White "Brener, Ilja"]
[Black "Sebenik, Matej"]
[Result "1/2-1/2"]
[WhiteElo "2413"]
[BlackElo "2483"]
[PlyCount "92"]
[EventDate "2007.05.08"]
[EventType "team-tourn"]
[EventRounds "9"]
[EventCountry "HUN"]
[Source "ChessBase"]
[SourceDate "2007.07.04"]

1. e4 e6 2. d4 d5 3. Nd2 Nf6 4. e5 Nfd7 5. Bd3 c5 6. c3 Nc6 7. Ne2 cxd4 8. cxd4
Qb6 9. Nf3 f6 10. exf6 Nxf6 11. O-O Bd6 12. Nc3 O-O 13. Be3 Bd7 14. Re1 Qd8 15.
Bg5 h6 16. Bh4 Qb6 17. a3 Nh5 18. Na4 Qc7 19. Rc1 Nf4 20. Bb1 Be8 21. Ne5 Bh5
22. Qd2 Bxe5 23. dxe5 Bg6 24. Bxg6 Nxg6 25. Bg3 Rf5 26. Nc5 Qf7 27. Nd3 h5 28.
h3 h4 29. Bh2 a5 30. Qe3 a4 31. Rc5 Na5 32. Rb5 Nc4 33. Qd4 b6 34. Rb4 Rg5 35.
Kh1 Rf5 36. f3 Ne7 37. Rxc4 dxc4 38. Qxc4 Rd8 39. Nf2 Rd2 40. Ne4 Rxb2 41. Qd4
Ra2 42. Qd8+ Kh7 43. Nd6 Qg6 44. Rg1 Rg5 45. Qxe7 Rgxg2 46. Qxh4+ Kg8 1/2-1/2

[Event "Mitropa Cup 26th"]
[Site "Szeged"]
[Date "2007.05.10"]
[Round "3"]
[White "Brunello, Sabino"]
[Black "Erdos, Viktor"]
[Result "1/2-1/2"]
[WhiteElo "2454"]
[BlackElo "2518"]
[PlyCount "56"]
[EventDate "2007.05.08"]
[EventType "team-tourn"]
[EventRounds "9"]
[EventCountry "HUN"]
[Source "ChessBase"]
[SourceDate "2007.07.04"]

1. e4 e6 2. d4 d5 3. e5 c5 4. c3 Nc6 5. Nf3 Nh6 6. a3 Nf5 7. b4 cxd4 8. cxd4
Bd7 9. Nc3 Rc8 10. Bb2 Nh4 11. Ng1 Nf5 12. Nf3 Nh4 13. Ng1 Be7 14. g3 Nf5 15.
Nf3 f6 16. Bh3 fxe5 17. Bxf5 exd4 18. Nxd5 exd5 19. Nxd4 Bf6 20. O-O Bxf5 21.
Nxf5 O-O 22. Bxf6 Rxf6 23. Nd4 Qd7 24. Rc1 Rcf8 25. f4 Re8 26. Nf3 a6 27. Qd3
h6 28. Rcd1 Rd6 1/2-1/2

[Event "Mitropa Cup 26th"]
[Site "Szeged"]
[Date "2007.05.10"]
[Round "3"]
[White "Doric, Darko"]
[Black "Feller, Sebastien"]
[Result "1/2-1/2"]
[WhiteElo "2482"]
[BlackElo "2445"]
[PlyCount "79"]
[EventDate "2007.05.08"]
[EventType "team-tourn"]
[EventRounds "9"]
[EventCountry "HUN"]
[Source "ChessBase"]
[SourceDate "2007.07.04"]

1. d4 d5 2. c4 e6 3. Nc3 c6 4. cxd5 exd5 5. Bf4 Qb6 6. Qd2 Nf6 7. e3 Bf5 8. f3
Nbd7 9. g4 Be6 10. Bd3 h6 11. h4 c5 12. Nge2 c4 13. Bc2 O-O-O 14. O-O-O Be7 15.
g5 Nh5 16. e4 dxe4 17. fxe4 hxg5 18. hxg5 Nxf4 19. Qxf4 f6 20. gxf6 gxf6 21.
Kb1 Bd6 22. Qf3 Rxh1 23. Rxh1 Rg8 24. Rh4 a6 25. Ba4 Qd8 26. Rh7 Nf8 27. Rh6
Rg6 28. Rh8 Rg8 29. Rh6 Rg6 30. Rh1 Rg8 31. Rf1 Rg6 32. e5 fxe5 33. dxe5 Bc5
34. Bc2 Rg7 35. Ne4 Rf7 36. Qg2 Rxf1+ 37. Qxf1 Be7 38. Nf4 Qd4 39. Nxe6 Nxe6
40. a3 1/2-1/2

[Event "Mitropa Cup 26th"]
[Site "Szeged"]
[Date "2007.05.10"]
[Round "3"]
[White "Godena, Michele"]
[Black "Ruck, Robert"]
[Result "1/2-1/2"]
[WhiteElo "2558"]
[BlackElo "2534"]
[PlyCount "35"]
[EventDate "2007.05.08"]
[EventType "team-tourn"]
[EventRounds "9"]
[EventCountry "HUN"]
[Source "ChessBase"]
[SourceDate "2007.07.04"]

1. e4 c5 2. c3 d5 3. exd5 Qxd5 4. d4 Nf6 5. Nf3 e6 6. Na3 Nc6 7. Nb5 Qd8 8.
dxc5 Bxc5 9. Qxd8+ Kxd8 10. Bg5 a6 11. Rd1+ Ke7 12. Nbd4 Nxd4 13. Nxd4 Rd8 14.
Be2 Bxd4 15. Rxd4 Rxd4 16. cxd4 Bd7 17. Bf3 Rc8 18. Kd2 1/2-1/2

[Event "Mitropa Cup 26th"]
[Site "Szeged"]
[Date "2007.05.10"]
[Round "3"]
[White "Hoang, Thanh Trang"]
[Black "Caruana, Fabiano"]
[Result "1/2-1/2"]
[WhiteElo "2472"]
[BlackElo "2523"]
[PlyCount "144"]
[EventDate "2007.05.08"]
[EventType "team-tourn"]
[EventRounds "9"]
[EventCountry "HUN"]
[Source "ChessBase"]
[SourceDate "2007.07.04"]

1. d4 Nf6 2. Bg5 e6 3. Nd2 c5 4. e3 Nc6 5. Ngf3 b6 6. c3 Be7 7. Bd3 Bb7 8. O-O
O-O 9. Re1 Nd5 10. Bxe7 Qxe7 11. e4 Nf4 12. Bf1 cxd4 13. cxd4 d5 14. e5 f6 15.
Bb5 a6 16. exf6 gxf6 17. Bxc6 Bxc6 18. Nf1 Ng6 19. Rc1 Qd6 20. Ng3 Bd7 21. Qd2
Nf4 22. Ne2 Nxe2+ 23. Qxe2 Kh8 24. Rc3 a5 25. Nh4 Rg8 26. Qe3 Rae8 27. f4 Rg4
28. g3 e5 29. dxe5 fxe5 30. fxe5 Qe7 31. Qh6 Qe6 32. Qxe6 Bxe6 33. a3 Bg8 34.
Rc6 Re4 35. Rxe4 dxe4 36. Rxb6 Rxe5 37. Kf2 e3+ 38. Ke1 Bc4 39. Rc6 Bb5 40. Rc3
e2 41. Ng2 Rh5 42. h4 Rd5 43. Ne3 Re5 44. a4 Bxa4 45. Kxe2 Rb5 46. Rc8+ Kg7 47.
Nc4 Rb3 48. Rc7+ Kg6 49. Nxa5 Rxb2+ 50. Ke3 Bd1 51. Nc4 Rg2 52. Kf4 Rf2+ 53.
Ke4 Re2+ 54. Ne3 Ba4 55. g4 h6 56. h5+ Kf6 57. Kf3 Ra2 58. Rh7 Kg5 59. Rg7+ Kh4
60. Nf5+ Kh3 61. Nxh6 Bd1+ 62. Kf4 Ra4+ 63. Kf5 Ra5+ 64. Kg6 Bxg4 65. Nxg4 Kxg4
66. h6 Ra6+ 67. Kf7+ Kf5 68. h7 Ra7+ 69. Kf8 Ra8+ 70. Ke7 Ra7+ 71. Kd8 Ra8+ 72.
Kd7 Kf6 1/2-1/2

[Event "Mitropa Cup 26th"]
[Site "Szeged"]
[Date "2007.05.10"]
[Round "3"]
[White "Jenni, Florian"]
[Black "Ragger, Markus"]
[Result "1/2-1/2"]
[WhiteElo "2518"]
[BlackElo "2498"]
[PlyCount "85"]
[EventDate "2007.05.08"]
[EventType "team-tourn"]
[EventRounds "9"]
[EventCountry "HUN"]
[Source "ChessBase"]
[SourceDate "2007.07.04"]

1. e4 c5 2. Nf3 d6 3. d4 cxd4 4. Nxd4 Nf6 5. Nc3 a6 6. Be3 e5 7. Nf3 Be7 8. Bc4
O-O 9. O-O Be6 10. Bxe6 fxe6 11. Na4 Ng4 12. Qd3 Nxe3 13. Qxe3 b5 14. Nb6 Ra7
15. Nd5 Nc6 16. Qd3 Bg5 17. Nxg5 Qxg5 18. Ne3 Rd8 19. a4 Rb7 20. c3 Qe7 21.
axb5 axb5 22. Rfd1 Qc7 23. h4 Qb6 24. Rd2 Na5 25. Ra3 Rc7 26. h5 Nc4 27. Nxc4
bxc4 28. Qh3 Re7 29. Ra1 d5 30. Qg3 d4 31. Qxe5 d3 32. Qa5 Qxa5 33. Rxa5 Rc7
34. Rb5 Kf7 35. f3 Ra8 36. Kf2 Ra1 37. Rb4 Rc1 38. Rb6 g6 39. h6 g5 40. b3 Rb1
41. Ke3 Re1+ 42. Kf2 Rb1 43. Ke3 1/2-1/2

[Event "Mitropa Cup 26th"]
[Site "Szeged"]
[Date "2007.05.10"]
[Round "3"]
[White "Marzolo, Cyril"]
[Black "Bosiocic, Marin"]
[Result "1-0"]
[WhiteElo "2459"]
[BlackElo "2484"]
[PlyCount "77"]
[EventDate "2007.05.08"]
[EventType "team-tourn"]
[EventRounds "9"]
[EventCountry "HUN"]
[Source "ChessBase"]
[SourceDate "2007.07.04"]

1. d4 Nf6 2. c4 g6 3. Nc3 Bg7 4. e4 d6 5. Nf3 O-O 6. Be2 e5 7. Be3 Na6 8. O-O
Ng4 9. Bg5 Qe8 10. c5 h6 11. Bh4 exd4 12. Nd5 dxc5 13. Bxa6 bxa6 14. Rc1 Qxe4
15. Rxc5 g5 16. Bg3 Nf6 17. Re1 Qg4 18. h3 Qh5 19. Nf4 gxf4 20. Rxh5 Nxh5 21.
Bh4 Bf5 22. Nxd4 Bg6 23. Nc6 Rfe8 24. Rxe8+ Rxe8 25. Ne7+ Kh7 26. Qd7 Rb8 27.
Qxc7 Ra8 28. b4 Be4 29. Qc5 Bg6 30. Qd5 Rb8 31. Qd6 Re8 32. Qd7 Rb8 33. Qxa7
Rd8 34. Qc7 Rd1+ 35. Kh2 Ng3 36. fxg3 Bd4 37. gxf4 Bg1+ 38. Kg3 h5 39. f5 1-0

[Event "Mitropa Cup 26th"]
[Site "Szeged"]
[Date "2007.05.10"]
[Round "3"]
[White "Naumann, Alexander"]
[Black "Borisek, Jure"]
[Result "1/2-1/2"]
[WhiteElo "2543"]
[BlackElo "2519"]
[PlyCount "39"]
[EventDate "2007.05.08"]
[EventType "team-tourn"]
[EventRounds "9"]
[EventCountry "HUN"]
[Source "ChessBase"]
[SourceDate "2007.07.04"]

1. e4 e5 2. Nf3 Nc6 3. d4 exd4 4. Nxd4 Bc5 5. Nxc6 Qf6 6. Qf3 dxc6 7. Qxf6 Nxf6
8. f3 Be6 9. Nd2 O-O-O 10. Nb3 Bb6 11. Bd2 Nd7 12. Bc3 f6 13. O-O-O Be3+ 14.
Kb1 Ne5 15. Be2 c5 16. Bd2 Bxd2 17. Rxd2 Rd6 18. Rdd1 b6 19. Nc1 Rhd8 20. Nd3
1/2-1/2

[Event "Mitropa Cup 26th"]
[Site "Szeged"]
[Date "2007.05.10"]
[Round "3"]
[White "Nemeth, Miklos"]
[Black "Borgo, Giulio"]
[Result "0-1"]
[WhiteElo "2413"]
[BlackElo "2418"]
[PlyCount "72"]
[EventDate "2007.05.08"]
[EventType "team-tourn"]
[EventRounds "9"]
[EventCountry "HUN"]
[Source "ChessBase"]
[SourceDate "2007.07.04"]

1. e4 g6 2. d4 Bg7 3. Nc3 d6 4. g3 a6 5. Bg2 b5 6. a4 b4 7. Nd5 a5 8. Nf3 Ba6
9. h4 Nf6 10. Nxf6+ exf6 11. Ng1 O-O 12. Ne2 Re8 13. Be3 Nd7 14. O-O Nb6 15.
Re1 Qd7 16. Nf4 Bb7 17. Qd3 Ba6 18. Qd1 Bb7 19. Qd3 Re7 20. c3 bxc3 21. bxc3
Nxa4 22. Reb1 Nb6 23. d5 Ba6 24. Qc2 Nc4 25. Bd4 Rae8 26. Kh2 Qc8 27. Ra4 f5
28. Bxg7 Kxg7 29. exf5 Qxf5 30. Qxf5 gxf5 31. Ra2 Re1 32. Raa1 Rxb1 33. Rxb1
Nb6 34. Bh3 Re5 35. Nh5+ Kh6 36. Nf6 Kg6 0-1

[Event "Mitropa Cup 26th"]
[Site "Szeged"]
[Date "2007.05.10"]
[Round "3"]
[White "Neubauer, Martin"]
[Black "Kurmann, Oliver"]
[Result "1-0"]
[WhiteElo "2474"]
[BlackElo "2433"]
[PlyCount "65"]
[EventDate "2007.05.08"]
[EventType "team-tourn"]
[EventRounds "9"]
[EventCountry "HUN"]
[Source "ChessBase"]
[SourceDate "2007.07.04"]

1. e4 e6 2. d4 d5 3. Nc3 Nf6 4. Bg5 Bb4 5. e5 h6 6. Bd2 Bxc3 7. bxc3 Ne4 8. Qg4
g6 9. Bc1 c5 10. Bd3 Nxc3 11. dxc5 Qa5 12. Bd2 Qa4 13. h3 Ne4 14. Bxe4 Qd4 15.
Rb1 Qxe5 16. Ne2 Qxe4 17. Qxe4 dxe4 18. Nc3 Bd7 19. Nxe4 Bc6 20. Nd6+ Ke7 21.
O-O Na6 22. Nxb7 Rab8 23. Na5 Ba8 24. c6 Rxb1 25. Rxb1 Rc8 26. Bxh6 Nb8 27. Be3
Nxc6 28. Nxc6+ Bxc6 29. Bxa7 Bd5 30. Rb2 Rc4 31. a3 Kd6 32. Be3 Ra4 33. Bd2 1-0

[Event "Mitropa Cup 26th"]
[Site "Szeged"]
[Date "2007.05.10"]
[Round "3"]
[White "Pinter, Erik"]
[Black "Simacek, Pavel"]
[Result "1/2-1/2"]
[WhiteElo "2394"]
[BlackElo "2495"]
[PlyCount "117"]
[EventDate "2007.05.08"]
[EventType "team-tourn"]
[EventRounds "9"]
[EventCountry "HUN"]
[Source "ChessBase"]
[SourceDate "2007.07.04"]

1. e4 c5 2. Nf3 d6 3. d4 cxd4 4. Nxd4 Nf6 5. Nc3 a6 6. Be3 Ng4 7. Bc1 Nf6 8.
Be2 e6 9. O-O Be7 10. Be3 O-O 11. f4 Nc6 12. a4 Bd7 13. Kh1 Rb8 14. Nb3 Na5 15.
e5 Ne8 16. Nxa5 Qxa5 17. Qd2 Rc8 18. Bf3 Qc7 19. Bd4 Bc6 20. Ne4 Bxe4 21. Bxe4
f5 22. exd6 Bxd6 23. Bd3 Nf6 24. Rae1 Nd5 25. Be5 Qc6 26. Bxd6 Qxd6 27. c3 Nb6
28. Rd1 Qc5 29. Rfe1 Nxa4 30. Rxe6 Rce8 31. Rxe8 Rxe8 32. Bc2 Nb6 33. Bb3+ Kf8
34. h3 g6 35. Qd6+ Qxd6 36. Rxd6 Re1+ 37. Kh2 Nc8 38. Rd8+ Re8 39. Rxe8+ Kxe8
40. Bd5 Nd6 41. Kg3 Ke7 42. Kf3 b6 43. Ke3 Ne8 44. Bb7 a5 45. Kd4 Kd6 46. Kc4
Nf6 47. Bf3 Nd7 48. h4 Nc5 49. g3 Nd7 50. Kb5 Kc7 51. Bd5 Nf6 52. Bf3 Ne8 53.
Kc4 Kd6 54. h5 Nf6 55. hxg6 hxg6 56. Kb5 Kc7 57. Kc4 Kd6 58. Kd4 Ke6 59. Kc4
1/2-1/2

[Event "Mitropa Cup 26th"]
[Site "Szeged"]
[Date "2007.05.10"]
[Round "3"]
[White "Sakelsek, Tadej"]
[Black "Kraemer, Martin"]
[Result "0-1"]
[WhiteElo "2487"]
[BlackElo "2424"]
[PlyCount "60"]
[EventDate "2007.05.08"]
[EventType "team-tourn"]
[EventRounds "9"]
[EventCountry "HUN"]
[Source "ChessBase"]
[SourceDate "2007.07.04"]

1. e4 c5 2. Nf3 d6 3. d4 cxd4 4. Nxd4 Nf6 5. Nc3 a6 6. Be3 e6 7. g4 h6 8. h3 b5
9. Bg2 Bb7 10. a3 Nbd7 11. Nde2 Qc7 12. O-O Ne5 13. b3 Ned7 14. Qd2 Nc5 15. Ng3
Rc8 16. Qe2 Be7 17. Bd2 O-O 18. f4 d5 19. exd5 Nxd5 20. Nxd5 Bxd5 21. Bxd5 exd5
22. Nf5 Rfe8 23. Bc3 Bf8 24. Be5 f6 25. Bxc7 Rxe2 26. Bb6 Ne6 27. Nd4 Nxd4 28.
Bxd4 Rcxc2 29. Rfd1 Rg2+ 30. Kf1 Rg3 0-1

[Event "Mitropa Cup 26th"]
[Site "Szeged"]
[Date "2007.05.10"]
[Round "3"]
[White "Saric, Ante"]
[Black "Wirig, Anthony"]
[Result "1/2-1/2"]
[WhiteElo "2496"]
[BlackElo "2443"]
[PlyCount "72"]
[EventDate "2007.05.08"]
[EventType "team-tourn"]
[EventRounds "9"]
[EventCountry "HUN"]
[Source "ChessBase"]
[SourceDate "2007.07.04"]

1. d4 d5 2. c4 c6 3. e3 Nf6 4. Nf3 a6 5. Bd3 g6 6. O-O Bg7 7. Qc2 O-O 8. b3 Bg4
9. Nbd2 Nbd7 10. h3 Bxf3 11. Nxf3 c5 12. Bb2 Rc8 13. Qe2 e6 14. Rac1 dxc4 15.
bxc4 cxd4 16. exd4 Nh5 17. Qe3 Qc7 18. Rfe1 Rfd8 19. Bf1 Nb8 20. Ba3 Qf4 21. g4
Qxe3 22. fxe3 Nf6 23. Rb1 Rc7 24. Bc5 Rdc8 25. Bd6 Rd7 26. c5 Nc6 27. Bg2 Ne4
28. Bh2 f5 29. Rb6 Re8 30. Bf1 Nd8 31. Bc4 Kh8 32. Ne5 Rde7 33. Rc1 Bh6 34. Bf4
Bxf4 35. exf4 fxg4 36. hxg4 Rf8 1/2-1/2

[Event "Mitropa Cup 26th"]
[Site "Szeged"]
[Date "2007.05.10"]
[Round "3"]
[White "Schachinger, Mario"]
[Black "Gaehler, Marco"]
[Result "1-0"]
[WhiteElo "2249"]
[BlackElo "2223"]
[PlyCount "119"]
[EventDate "2007.05.08"]
[EventType "team-tourn"]
[EventRounds "9"]
[EventCountry "HUN"]
[Source "ChessBase"]
[SourceDate "2007.07.04"]

1. e4 e6 2. d4 d5 3. Nc3 Bb4 4. e5 c5 5. a3 Ba5 6. b4 cxd4 7. Qg4 Ne7 8. bxa5
dxc3 9. Qxg7 Rg8 10. Qxh7 Nbc6 11. Nf3 Qc7 12. Bf4 Bd7 13. a6 b6 14. Bd3 O-O-O
15. Bg3 Rh8 16. Qg7 Rdg8 17. Qf6 Be8 18. O-O Rh5 19. Qf4 f5 20. exf6 Qxf4 21.
Bxf4 Ng6 22. Bg3 Rf8 23. Rfe1 Rxf6 24. Bb5 Nge7 25. Ne5 Rfh6 26. Rad1 Rf5 27.
Nf3 Bh5 28. Bxc6 Nxc6 29. Nd4 Bxd1 30. Nxf5 Bxc2 31. Nxh6 d4 32. Ng4 d3 33. Ne3
Bb3 34. Rc1 c2 35. Nxc2 Bxc2 36. Bf4 Nd4 37. Kf1 Nb3 38. Ke1 e5 39. Be3 Kd7 40.
h4 Nxc1 41. Bxc1 Bb3 42. h5 Kc6 43. f3 Bg8 44. Kd2 Bh7 45. g4 Kc5 46. Kc3 Kb5
47. Bh6 Kxa6 48. Kd2 Kb5 49. Bg7 e4 50. f4 Kc4 51. f5 Kd5 52. Ke3 b5 53. Bc3 a6
54. Be1 Ke5 55. Bd2 Kd5 56. Bc3 Kc4 57. Bd2 Kd5 58. Kf4 Kd4 59. f6 Bg8 60. h6
1-0

[Event "Mitropa Cup 26th"]
[Site "Szeged"]
[Date "2007.05.10"]
[Round "3"]
[White "Smolen, Jan"]
[Black "Priborsky, Ivo"]
[Result "0-1"]
[WhiteElo "2327"]
[BlackElo "2370"]
[PlyCount "96"]
[EventDate "2007.05.08"]
[EventType "team-tourn"]
[EventRounds "9"]
[EventCountry "HUN"]
[Source "ChessBase"]
[SourceDate "2007.07.04"]

1. d4 Nf6 2. c4 g6 3. Nc3 Bg7 4. e4 d6 5. Nf3 O-O 6. Be2 e5 7. Be3 Nbd7 8. O-O
c6 9. h3 Qe7 10. Qc2 exd4 11. Bxd4 Re8 12. Rfe1 Ne5 13. Rad1 Bh6 14. b4 Nfd7
15. c5 dxc5 16. bxc5 Nxf3+ 17. Bxf3 Nxc5 18. Nd5 cxd5 19. Bxc5 Qc7 20. exd5
Rxe1+ 21. Rxe1 Bf5 22. Qc3 Bf8 23. Bb4 Qxc3 24. Bxc3 Bd6 25. Bd4 b6 26. Ra1 Rc8
27. a4 Rc4 28. Be3 Rb4 29. g4 Rb1+ 30. Rxb1 Bxb1 31. Bd2 Bc2 32. a5 b5 33. a6
b4 34. Bc1 Bd3 35. Bd1 Bxa6 36. Be3 Bc4 37. Bxa7 Bxd5 38. Bd4 b3 39. Bb2 Bf8
40. Be2 Be4 41. Bd1 Bd5 42. Be2 Bg7 43. Bxg7 Kxg7 44. Bd3 Bf3 45. Kf1 Kf6 46.
Ke1 Ke5 47. Kd2 Kd4 48. Bb5 Be4 0-1